La muerte de Pedro Canales / (Registro nro. 39754)
[ vista simple ]
| 000 -CABECERA | |
|---|---|
| campo de control de longitud fija | 00592nam a2200181 a 4500 |
| 001 - NÚMERO DE CONTROL | |
| campo de control | 000040264 |
| 005 - FECHA Y HORA DE LA ÚLTIMA TRANSACCIÓN | |
| campo de control | 20201002034023.0 |
| 008 - DATOS DE LONGITUD FIJA--INFORMACIÓN GENERAL | |
| campo de control de longitud fija | 130821s2005 mx 000 0 spa d |
| 020 ## - NÚMERO INTERNACIONAL ESTÁNDAR DEL LIBRO | |
| Número Internacional Estándar del Libro | 9703204724 |
| 040 ## - FUENTE DE LA CATALOGACIÓN | |
| Centro catalogador/agencia de origen | DO-SdBNP |
| Lengua de catalogación | spa |
| Centro/agencia transcriptor | BNPHU |
| 100 1# - ENTRADA PRINCIPAL--NOMBRE DE PERSONA | |
| Nombre de persona | Mejía Vallejo, Manuel |
| 9 (RLIN) | 23098 |
| 245 13 - MENCIÓN DE TÍTULO | |
| Título | La muerte de Pedro Canales / |
| Mención de responsabilidad, etc. | Manuel Mejía Vallejo ; introducción Juan José Hoyos. |
| 260 ## - PUBLICACIÓN, DISTRIBUCIÓN, ETC. | |
| Lugar de publicación, distribución, etc. | México : |
| Nombre del editor, distribuidor, etc. | Universidad de Antioquía, |
| Fecha de publicación, distribución, etc. | 2005. |
| 300 ## - DESCRIPCIÓN FÍSICA | |
| Extensión | 33 p. : ; |
| Dimensiones | 21 cm. |
| 490 1# - MENCIÓN DE SERIE | |
| Mención de serie | Difusión cultural |
| Designación de volumen o secuencia | 26 |
| 700 1# - PUNTO DE ACCESO ADICIONAL--NOMBRE DE PERSONA | |
| Nombre de persona | Hoyos, Juan José |
| 9 (RLIN) | 66538 |
| 830 #0 - PUNTO DE ACCESO ADICIONAL DE SERIE-TÍTULO UNIFORME | |
| Título uniforme | Difusión cultural |
| Designación de volumen o secuencia | 26 |
| 9 (RLIN) | 66273 |
| Estado de retiro | Estado de pérdida | Restricciones de uso | No para préstamo | Código de colección | Localización permanente | Ubicación/localización actual | Ubicación en estantería | Fecha de adquisición | Número de inventario | Total de préstamos | Signatura topográfica completa | Código de barras | Fecha visto por última vez | Número de copia | Precio válido a partir de | Tipo de ítem Koha |
|---|---|---|---|---|---|---|---|---|---|---|---|---|---|---|---|---|
| Excluido de préstamo | Monografías: Libros y Folletos | General | General | En catalogación | 21.08.2013 | LF1 | 40264-10 | 25.06.2020 | e. 2 | 25.06.2020 | No se presta | |||||
| Préstamo interno | Monografías: Libros y Folletos | General | General | En catalogación | 21.08.2013 | LF1 | 40264-20 | 25.06.2020 | e. 3 | 25.06.2020 | Préstamo interno | |||||
| Excluido de préstamo | Monografías: Libros y Folletos | General | General | En catalogación | 21.08.2013 | LF1 | 40264-30 | 25.06.2020 | 25.06.2020 | No se presta |
